| 000 | 00672nam a22001577a 4500 | ||
|---|---|---|---|
| 003 | SGT | ||
| 020 | _a9788120349919 | ||
| 082 |
_a624.1517 _bRAO |
||
| 100 | _aRAO,P. VENUGOPAL | ||
| 245 | _aTEXTBOOK OF SURVEYING | ||
| 260 |
_aNEW DELHI _bPHI _c2015 |
||
| 300 | _a227 | ||
| 650 | _aCIVIL ENGINEERING | ||
| 653 | _aSURVEYING, CHAIN SURVEYING, COMPASS SURVEYING, PLANE TABLE SURVEYING, AREAS AND VOLUMES, MINOR INSTRUMENTS, LEVELING AND CONTOURING, THEODOLITE SURVEYING, TRAVERSE COMPUTATIONS, TACHOMETER, TRIGONOMETRICAL LEVELING, CURVE RANGING, HYDRO GRAPHIC SURVEYING, MINOR TRIANGULATION, PHOTOGRAPHER, REMOTE SENSING AND GIS, ASTRONOMICAL SURVEY | ||
| 942 |
_2ddc _cBK |
||
| 999 |
_c8237 _d8237 |
||